[Event "SR 3. liga A2 2013/2014"]
[Site "?"]
[Date "2014.03.02"]
[Round "10.2"]
[White "Jablonicky, Frantisek"]
[Black "Cechovic, Stefan"]
[Result "1/2-1/2"]
[WhiteElo "2146"]
[BlackElo "2140"]
[PlyCount "42"]
[EventDate "2013.??.??"]

1. g3 d5 2. f4 c5 3. Nf3 Nc6 4. Bg2 Nf6 5. O-O g6 6. d3 Bg7 7. Qe1 d4 8. Na3
Nd5 9. Bd2 O-O 10. c3 Rb8 11. Nc2 b6 12. Rb1 Bb7 13. c4 Nc7 14. b4 cxb4 15.
Nxb4 Re8 16. Qf2 Nxb4 17. Bxb4 Na6 18. Ne5 Nxb4 19. Rxb4 Bxg2 20. Kxg2 Qd6 21.
Rb5 e6 1/2-1/2

[Event "SR 3. liga A2 2013/2014"]
[Site "?"]
[Date "2014.03.02"]
[Round "10.2"]
[White "Sarmir, Milos"]
[Black "Mackovic, Matus"]
[Result "0-1"]
[WhiteElo "2075"]
[BlackElo "1913"]
[PlyCount "70"]
[EventDate "2013.??.??"]

1. Nf3 Nf6 2. g3 g6 3. Bg2 Bg7 4. O-O O-O 5. c4 d6 6. d4 Nc6 7. d5 Na5 8. Qa4
c5 9. Bd2 b6 10. Bxa5 bxa5 11. Nc3 Bd7 12. Qc2 Rb8 13. Rab1 Qb6 14. e4 a4 15.
Nd2 Qa6 16. Rfe1 Ng4 17. h3 Nh6 18. f4 f6 19. Kh2 Nf7 20. Nd1 a3 21. b3 Qb6 22.
Nf2 a5 23. Nd3 a4 24. b4 cxb4 25. Rxb4 Qc7 26. Reb1 f5 27. Qc1 Bb2 28. Qc2 Bd4
29. exf5 gxf5 30. c5 Rxb4 31. Rxb4 Bxc5 32. Rc4 Rc8 33. Nb1 Bg1+ 34. Kxg1 Qxc4
35. Qd2 Qc2 0-1

[Event "SR 3. liga A2 2013/2014"]
[Site "?"]
[Date "2014.03.02"]
[Round "10.2"]
[White "Jakubec, Milan"]
[Black "Vagovsky, Jozef"]
[Result "1-0"]
[WhiteElo "2084"]
[BlackElo "1930"]
[PlyCount "89"]
[EventDate "2013.??.??"]

1. e4 e6 2. d4 d5 3. exd5 exd5 4. Bd3 Bd6 5. Nf3 Nf6 6. Qe2+ Qe7 7. Qxe7+ Kxe7
8. O-O Re8 9. h3 h6 10. Nbd2 Kf8 11. c4 c6 12. c5 Bc7 13. b4 a5 14. b5 cxb5 15.
Bxb5 Bd7 16. Bd3 Nc6 17. a3 a4 18. Rb1 Reb8 19. Bb2 Ba5 20. Ba1 Ne7 21. Rfd1 b5
22. cxb6 Rb7 23. Ne5 Be8 24. Rbc1 Rab8 25. Bc3 Bxb6 26. Ndf3 Bc7 27. Bb4 Bxe5
28. Nxe5 Kg8 29. Rc2 Ng6 30. Nxg6 fxg6 31. Rdc1 Bb5 32. Bxg6 Bc4 33. Re1 Rxb4
34. axb4 Rxb4 35. Re7 a3 36. Ra7 Rb1+ 37. Kh2 Rb8 38. Rxa3 Kf8 39. Ra7 Rd8 40.
Rb2 Ne4 41. Rf7+ Kg8 42. Rbb7 Nd6 43. Rxg7+ Kf8 44. Rbe7 Bb5 45. Rh7 1-0

[Event "SR 3. liga A2 2013/2014"]
[Site "?"]
[Date "2014.03.02"]
[Round "10.2"]
[White "Vlkovic, Pavol"]
[Black "Hirmajer, Jan"]
[Result "1-0"]
[WhiteElo "1819"]
[BlackElo "1957"]
[PlyCount "87"]
[EventDate "2013.??.??"]

1. e4 g6 2. Nf3 Bg7 3. d3 c5 4. g3 Nc6 5. c3 Nf6 6. Bg2 d5 7. Qe2 O-O 8. O-O
Bg4 9. Nbd2 e5 10. h3 Bxf3 11. Nxf3 d4 12. c4 a6 13. Nh2 b5 14. b3 b4 15. f4
Nd7 16. f5 a5 17. Ng4 f6 18. fxg6 hxg6 19. h4 Kh7 20. Bh3 a4 21. Bd2 Ra7 22. h5
g5 23. Kg2 Bh6 24. bxa4 Rxa4 25. Nxh6 Kxh6 26. Qg4 Ra7 27. Qf3 Ra8 28. Qf5 Ne7
29. Qxd7 Qxd7 30. Bxd7 Ra3 31. Bc1 Rxd3 32. Rf3 Rd1 33. Bxg5+ Kxg5 34. Rxd1 Ra8
35. Rf2 Ra3 36. Rh1 Ng8 37. Be6 Nh6 38. g4 Re3 39. Bd5 Ra3 40. Rh3 Ra6 41. Rg3
Nxg4 42. Kh3 Kxh5 43. Rxg4 Ra3+ 44. Rg3 1-0

[Event "SR 3. liga A2 2013/2014"]
[Site "?"]
[Date "2014.03.02"]
[Round "10.3"]
[White "Danada, Tomas"]
[Black "Kapusta, Petr"]
[Result "1/2-1/2"]
[WhiteElo "2099"]
[BlackElo "2139"]
[PlyCount "86"]
[EventDate "2013.??.??"]

1. d4 Nf6 2. Nf3 g6 3. g3 Bg7 4. Bg2 O-O 5. O-O d6 6. a4 Nc6 7. a5 e5 8. dxe5
dxe5 9. a6 Rb8 10. axb7 Bxb7 11. c3 h6 12. Be3 Qe7 13. b4 Rfd8 14. Qc2 a6 15.
Nbd2 Qe6 16. Nb3 Nd5 17. Nc5 Nxe3 18. fxe3 Qc4 19. Nd2 Qxe2 20. Rf2 Qb5 21. Qa2
Rf8 22. Raf1 Nd8 23. Nxb7 Rxb7 24. Bxb7 Qxb7 25. Qc4 Ne6 26. Rxf7 Rxf7 27. Qxe6
c6 28. Ne4 Qd7 29. Qc4 Qd5 30. Qxd5 cxd5 31. Nc5 e4 32. Nxa6 Bxc3 33. Rxf7 Kxf7
34. Nc7 Bxb4 35. Nxd5 Ba5 36. Nf4 Bc3 37. Kf2 g5 38. Ne2 Bb2 39. g4 Be5 40. h3
Ke6 41. Ke1 Kd5 42. Kd2 Kc4 43. Kc2 Kb4 1/2-1/2

[Event "SR 3. liga A2 2013/2014"]
[Site "?"]
[Date "2014.03.02"]
[Round "10.3"]
[White "Hudacek, Josef"]
[Black "Spacek, Oliver"]
[Result "1/2-1/2"]
[WhiteElo "2040"]
[BlackElo "2041"]
[PlyCount "31"]
[EventDate "2013.??.??"]

1. e4 c5 2. Ne2 e5 3. g3 f5 4. exf5 d5 5. c3 Bxf5 6. d3 Nc6 7. Bg2 Be7 8. O-O
Bf6 9. f4 Nge7 10. h3 Qb6 11. Kh2 Qa6 12. fxe5 Nxe5 13. d4 Nd3 14. dxc5 Nxc1
15. Nxc1 O-O-O 16. Nb3 1/2-1/2

[Event "SR 3. liga A2 2013/2014"]
[Site "?"]
[Date "2014.03.02"]
[Round "10.3"]
[White "Pericka, Tomas"]
[Black "Kubis, Ivan"]
[Result "1/2-1/2"]
[WhiteElo "1994"]
[BlackElo "1992"]
[PlyCount "30"]
[EventDate "2013.??.??"]

1. e4 e5 2. Bc4 Nf6 3. d3 Be7 4. f4 d6 5. Nf3 Nc6 6. c3 O-O 7. O-O exf4 8. Bxf4
Bg4 9. Nbd2 Nh5 10. Be3 Ne5 11. h3 Bxf3 12. gxf3 Nxc4 13. Nxc4 Bh4 14. f4 Ng3
15. Rf3 f5 1/2-1/2

[Event "SR 3. liga A2 2013/2014"]
[Site "?"]
[Date "2014.03.02"]
[Round "10.3"]
[White "Vepy, Ivan"]
[Black "Nemeckay, Rastislav"]
[Result "0-1"]
[WhiteElo "1926"]
[BlackElo "1986"]
[PlyCount "82"]
[EventDate "2013.??.??"]

1. e4 e5 2. Bc4 Nc6 3. a3 Nf6 4. d3 d5 5. exd5 Nxd5 6. Qf3 Nf6 7. Bg5 Be7 8. h3
Nd4 9. Qd1 Be6 10. Nd2 b5 11. Bxe6 Nxe6 12. Be3 Nd5 13. Qf3 O-O 14. Ne2 c5 15.
O-O Rc8 16. Nc3 Nxc3 17. bxc3 a6 18. Qe4 Bf6 19. Rab1 Qa5 20. c4 Nd4 21. Bxd4
cxd4 22. Nb3 Qc3 23. cxb5 axb5 24. Na1 Qxa3 25. Rxb5 Rc5 26. Qb7 Rxb5 27. Qxb5
Rc8 28. Rb1 Qe7 29. Re1 Qc7 30. f4 Rb8 31. Qa4 h6 32. fxe5 Bxe5 33. Qa2 Kh7 34.
Qd5 f6 35. Kh1 Qc3 36. Qe4+ Kh8 37. Kg1 Re8 38. Kf1 Rd8 39. Qh4 Ra8 40. Nb3
Qxc2 41. Qe4 Ra2 0-1

[Event "SR 3. liga A2 2013/2014"]
[Site "?"]
[Date "2014.03.02"]
[Round "10.3"]
[White "Spacek, Marcel"]
[Black "Hrubsa, Marian"]
[Result "1-0"]
[WhiteElo "1818"]
[BlackElo "1801"]
[PlyCount "65"]
[EventDate "2013.??.??"]

1. d4 d5 2. c4 c6 3. Nf3 Nf6 4. e3 e6 5. Nc3 Be7 6. b3 Ne4 7. Nxe4 dxe4 8. Nd2
f5 9. Bb2 O-O 10. h4 c5 11. dxc5 Bxc5 12. Qc2 Nc6 13. a3 a5 14. g4 b6 15. gxf5
exf5 16. Rg1 Ra7 17. h5 Bxe3 18. fxe3 Qh4+ 19. Kd1 Qxh5+ 20. Be2 Qh3 21. Qc3
Rff7 22. Kc2 Qh2 23. Rae1 Rfe7 24. c5 bxc5 25. Nc4 Qc7 26. Rd1 Be6 27. Rd6 a4
28. Qf6 axb3+ 29. Kb1 Nd8 30. Rxg7+ Rxg7 31. Rxd8+ Qxd8 32. Qxd8+ Kf7 33. Ne5#
1-0

[Event "SR 3. liga A2 2013/2014"]
[Site "?"]
[Date "2014.03.02"]
[Round "10.3"]
[White "Vach, Jozef"]
[Black "Ocko, Martin"]
[Result "1/2-1/2"]
[WhiteElo "1799"]
[BlackElo "1736"]
[PlyCount "54"]
[EventDate "2013.??.??"]

1. d4 Nf6 2. c4 g6 3. Nc3 Bg7 4. e4 d6 5. f4 O-O 6. e5 dxe5 7. fxe5 Nfd7 8. Nf3
c5 9. Bf4 cxd4 10. Qxd4 Nc6 11. Qe3 Qa5 12. e6 fxe6 13. Qxe6+ Kh8 14. Bd2 Nde5
15. Qd5 Qxd5 16. cxd5 Nxf3+ 17. gxf3 Nd4 18. O-O-O Nxf3 19. Be3 Bg4 20. Be2
Rac8 21. Kc2 Bf5+ 22. Kb3 Ne5 23. Bxa7 Nd7 24. Bd4 Nc5+ 25. Kb4 Ne4 26. Rhf1
Nxc3 27. bxc3 Bxd4 1/2-1/2

[Event "SR 3. liga A2 2013/2014"]
[Site "?"]
[Date "2014.03.02"]
[Round "10.3"]
[White "Pipiska, Adam"]
[Black "Vogl, Zdenek"]
[Result "0-1"]
[WhiteElo "1737"]
[BlackElo "1899"]
[PlyCount "76"]
[EventDate "2013.??.??"]

1. e4 e5 2. Nf3 Nc6 3. d4 exd4 4. Bc4 Be7 5. Nxd4 Nf6 6. Nc3 O-O 7. O-O Nxe4 8.
Nxe4 d5 9. Nxc6 bxc6 10. Bd3 dxe4 11. Bxe4 Ba6 12. Re1 Qxd1 13. Rxd1 Rad8 14.
Bf4 Rb8 15. b3 Rb4 16. f3 f5 17. Bd2 fxe4 18. Bxb4 Bxb4 19. fxe4 Re8 20. c4
Bc5+ 21. Kh1 Rxe4 22. Re1 Rxe1+ 23. Rxe1 Kf7 24. Re5 Bd4 25. Ra5 Bc8 26. Ra4 a6
27. Rb4 Ke7 28. Ra4 c5 29. a3 Kd6 30. b4 Kc6 31. Ra5 Kb6 32. h3 Be6 33. Kh2
Bxc4 34. Kg3 Bb5 35. Kf3 c4 36. Ke2 c3+ 37. Kd1 c5 38. Kc2 Bc6 0-1

[Event "SR 3. liga A2 2013/2014"]
[Site "?"]
[Date "2014.03.02"]
[Round "10.3"]
[White "Harastova, Viera"]
[Black "Pericka, Pavol"]
[Result "1/2-1/2"]
[WhiteElo "1877"]
[BlackElo "1793"]
[PlyCount "82"]
[EventDate "2013.??.??"]

1. d4 d5 2. c4 e6 3. Nc3 Nf6 4. Bg5 Nbd7 5. e3 Be7 6. Nf3 O-O 7. Bd3 dxc4 8.
Bxc4 Nb6 9. Bb3 Nbd5 10. Nxd5 exd5 11. O-O c6 12. Qd3 h6 13. Bh4 g6 14. Bc2 Bf5
15. Qe2 Bxc2 16. Qxc2 Ne4 17. Bxe7 Qxe7 18. Ne5 Kg7 19. Rac1 Rad8 20. Nd3 f6
21. Nc5 Rfe8 22. Nxe4 dxe4 23. Qc5 Rd5 24. Qxe7+ Rxe7 25. Rc3 Rb5 26. b3 Rd7
27. Rfc1 Rdd5 28. Kf1 Kf7 29. Ke2 Ke6 30. f3 Rh5 31. fxe4 Rxh2 32. Kf3 Rg5 33.
R1c2 Rh4 34. Rc5 Rhg4 35. Rxg5 Rxg5 36. g4 h5 37. gxh5 Rxh5 38. Rg2 g5 39. Kg4
Rh4+ 40. Kf3 Rh1 41. e5 Rh3+ 1/2-1/2

[Event "SR 3. liga A2 2013/2014"]
[Site "?"]
[Date "2014.03.02"]
[Round "10.4"]
[White "Bisco, Igor"]
[Black "Abel, Peter"]
[Result "1/2-1/2"]
[WhiteElo "2086"]
[BlackElo "2188"]
[PlyCount "35"]
[EventDate "2013.??.??"]

1. e4 Nf6 2. e5 Nd5 3. d4 d6 4. Bc4 c6 5. Nf3 Bf5 6. O-O e6 7. Re1 Nd7 8. Nbd2
dxe5 9. dxe5 Nc5 10. Nb3 Nb6 11. Qe2 Nxc4 12. Qxc4 Qd5 13. Qxd5 exd5 14. Nxc5
Bxc5 15. c3 O-O-O 16. Nd4 Bd7 17. Be3 Rde8 18. b4 1/2-1/2

[Event "SR 3. liga A2 2013/2014"]
[Site "?"]
[Date "2014.03.02"]
[Round "10.4"]
[White "Mihalik, Marek"]
[Black "Hertel, Ondrej"]
[Result "1-0"]
[WhiteElo "2031"]
[BlackElo "2055"]
[PlyCount "134"]
[EventDate "2013.??.??"]

1. d4 d5 2. c4 e6 3. Nc3 Nf6 4. Bg5 Be7 5. e3 h6 6. Bh4 O-O 7. Qc2 a6 8. a3
Nbd7 9. Nf3 b6 10. cxd5 exd5 11. Bd3 Bb7 12. O-O c5 13. dxc5 bxc5 14. Qe2 Re8
15. Bf5 Ne4 16. Bxe7 Nxc3 17. Qd3 Ne2+ 18. Qxe2 Qxe7 19. Bxd7 Qxd7 20. Qd3 Re4
21. Rfd1 Rae8 22. Rac1 Qe7 23. Qc3 Rc4 24. Qa5 Rxc1 25. Rxc1 d4 26. Qxc5 dxe3
27. Qxe3 Qxe3 28. fxe3 Rxe3 29. Kf2 Rb3 30. Rc2 g5 31. Nd4 Rb6 32. g3 Kg7 33.
Ke3 Kg6 34. Rf2 h5 35. b4 Bd5 36. Rf5 Rd6 37. h4 g4 38. Rg5+ Kf6 39. Rxh5 Rd8
40. Rh6+ Kg7 41. Nf5+ Kg8 42. Rxa6 Bc4 43. Ra5 Rd3+ 44. Kf4 Be6 45. Kxg4 Bxf5+
46. Kxf5 Rxg3 47. Kf6 Rf3+ 48. Kg5 Rg3+ 49. Kh6 Kf8 50. h5 Ke7 51. a4 Ke6 52.
Rb5 f5 53. a5 f4 54. Rb8 Kf7 55. Rc8 f3 56. Rc4 Ke6 57. Rf4 Kd5 58. a6 Kc6 59.
Rf6+ Kb5 60. a7 Rg8 61. Rxf3 Kxb4 62. Kh7 Re8 63. Rf7 Kc5 64. h6 Kb6 65. Kg7
Ra8 66. h7 Rxa7 67. Rxa7 Kxa7 1-0

[Event "SR 3. liga A2 2013/2014"]
[Site "?"]
[Date "2014.03.02"]
[Round "10.4"]
[White "Peska, Juraj"]
[Black "Manak, Jozef"]
[Result "1/2-1/2"]
[WhiteElo "1926"]
[BlackElo "1998"]
[PlyCount "34"]
[EventDate "2013.??.??"]

1. c4 c5 2. Nc3 Nc6 3. g3 g6 4. Bg2 Bg7 5. d3 d6 6. Nf3 Nf6 7. O-O O-O 8. Bf4
Nh5 9. Bd2 Bd7 10. Qc1 Qc8 11. Bh6 Bh3 12. Bxg7 Kxg7 13. a3 Bxg2 14. Kxg2 h6
15. b3 Nf6 16. Qb2 e5 17. e4 Nd4 1/2-1/2

[Event "SR 3. liga A2 2013/2014"]
[Site "?"]
[Date "2014.03.02"]
[Round "10.4"]
[White "Mihalik, Anton"]
[Black "Slamena, Michal"]
[Result "1-0"]
[WhiteElo "1942"]
[BlackElo "1991"]
[PlyCount "127"]
[EventDate "2013.??.??"]

1. c4 e5 2. Nc3 Nf6 3. Nf3 Nc6 4. g3 d5 5. cxd5 Nxd5 6. d3 Be7 7. Bg2 Be6 8.
O-O Qd7 9. Re1 O-O-O 10. a3 f5 11. Qc2 g5 12. Nxd5 Bxd5 13. Qc3 Bxf3 14. Bxf3
Nd4 15. Bg2 Qa4 16. Be3 f4 17. Bxd4 Qxd4 18. Qb3 Qb6 19. Qxb6 axb6 20. Rac1 Bc5
21. Rc2 fxg3 22. hxg3 Rhf8 23. Rf1 h5 24. b4 Bd6 25. Be4 Kb8 26. Kg2 h4 27. Rh1
hxg3 28. Kxg3 b5 29. f3 Ka7 30. Rh5 Rg8 31. Kg4 Kb6 32. Rh7 Ra8 33. Rc3 Ra7 34.
e3 c6 35. Rd7 Bc7 36. Bh7 Rf8 37. Bf5 Rfa8 38. Kxg5 Rxa3 39. Rxa3 Rxa3 40. f4
Rb3 41. fxe5 Bxe5 42. d4 Bg3 43. e4 Rxb4 44. e5 c5 45. e6 Rb3 46. Be4 Re3 47.
Kf5 Bh4 48. Rxb7+ Ka6 49. Rh7 Bd8 50. dxc5 b4 51. e7 Bxe7 52. Rxe7 Rc3 53. c6
b3 54. Rb7 Rc2 55. Rxb3 Rh2 56. Ke6 Ka7 57. Rb7+ Ka8 58. Rh7 Re2 59. Kd5 Kb8
60. Re7 Rd2+ 61. Kc5 Kc8 62. Bd5 Rc2+ 63. Kd6 Kb8 64. Re8+ 1-0

[Event "SR 3. liga A2 2013/2014"]
[Site "?"]
[Date "2014.03.02"]
[Round "10.4"]
[White "Drgon, Matus"]
[Black "Gono, Michal"]
[Result "0-1"]
[WhiteElo "1712"]
[BlackElo "1941"]
[PlyCount "81"]
[EventDate "2013.??.??"]

1. e4 b6 2. d4 Bb7 3. Nc3 e6 4. Nf3 Bb4 5. Bd3 Nf6 6. Bg5 h6 7. Bxf6 Qxf6 8.
O-O Nc6 9. e5 Qd8 10. a3 Bxc3 11. bxc3 Ne7 12. Re1 d5 13. Nd2 Qd7 14. a4 a5 15.
Qg4 g5 16. Reb1 O-O-O 17. Qe2 Rdg8 18. Ba6 Ng6 19. Nb3 Bxa6 20. Qxa6+ Kd8 21.
Nxa5 bxa5 22. Qxa5 Qc6 23. Rb5 Kd7 24. Rab1 Ra8 25. Qb4 Rhc8 26. a5 Qc4 27.
Qxc4 dxc4 28. Ra1 Ra6 29. f3 Rca8 30. Kf2 Ne7 31. Ra4 Nc6 32. Rxc4 Rxa5 33.
Rxa5 Rxa5 34. Ke3 Ne7 35. g3 Nd5+ 36. Kd3 Ra1 37. Rc5 Rh1 38. c4 Nb6 39. h4
gxh4 40. gxh4 Rxh4 41. Rb5 0-1

[Event "SR 3. liga A2 2013/2014"]
[Site "?"]
[Date "2014.03.02"]
[Round "10.4"]
[White "Nemsak, Denis"]
[Black "Barca, Michal"]
[Result "1/2-1/2"]
[WhiteElo "1913"]
[BlackElo "1807"]
[PlyCount "140"]
[EventDate "2013.??.??"]

1. c4 Nf6 2. Nc3 e6 3. e4 c5 4. Nf3 d6 5. d4 cxd4 6. Nxd4 Be7 7. Be2 O-O 8. O-O
a6 9. Be3 b6 10. Bf3 e5 11. Nf5 Nc6 12. Nxe7+ Nxe7 13. Qb3 Rb8 14. Qa3 b5 15.
c5 d5 16. Nxd5 Nexd5 17. exd5 e4 18. Bxe4 Nxe4 19. Rfd1 b4 20. Qd3 f5 21. Rac1
Rb5 22. f3 Ng5 23. Bf4 Nf7 24. d6 g5 25. Bg3 f4 26. Bf2 Be6 27. Re1 Re8 28. Re2
Qd7 29. Rce1 Nd8 30. Re5 Nf7 31. c6 Qxc6 32. Rxe6 Rxe6 33. Rxe6 Rd5 34. Re8+
Qxe8 35. Qxd5 Qe5 36. Qxe5 Nxe5 37. Bc5 a5 38. b3 Nd7 39. Bd4 Kf7 40. Kf2 Ke6
41. Bg7 Kf7 42. Bh6 Kg6 43. Ke2 Kxh6 44. Kd3 Kg6 45. Kc4 Kf6 46. Kb5 Ke6 47.
Kxa5 Kxd6 48. Kxb4 h5 49. Kc4 Ne5+ 50. Kd4 Nc6+ 51. Ke4 Ke6 52. a3 Ne5 53. b4
Nc4 54. a4 Ne3 55. a5 Kd6 56. g3 fxg3 57. hxg3 Nd5 58. Kf5 h4 59. gxh4 gxh4 60.
Kg4 h3 61. Kxh3 Ke6 62. Kg4 Kf7 63. Kf5 Kf8 64. Ke6 Nxb4 65. Kf6 Ke8 66. Ke6
Nd3 67. Kd6 Kd8 68. a6 Kc8 69. Ke7 Kc7 70. Kf6 Nf4 1/2-1/2

[Event "SR 3. liga A2 2013/2014"]
[Site "?"]
[Date "2014.03.02"]
[Round "10.4"]
[White "Janas, Peter"]
[Black "Slaby, Jozef"]
[Result "0-1"]
[WhiteElo "1707"]
[BlackElo "1874"]
[PlyCount "94"]
[EventDate "2013.??.??"]

1. Nf3 d5 2. d4 e6 3. g3 Nf6 4. Bg2 c5 5. O-O Nc6 6. c3 Bd7 7. Re1 Be7 8. Nbd2
O-O 9. e4 dxe4 10. Nxe4 cxd4 11. Nxd4 Rc8 12. Nb5 a6 13. Nbd6 Rb8 14. Be3 Nd5
15. c4 Nxe3 16. Rxe3 Qc7 17. c5 Ne5 18. Qh5 Ng6 19. Ng5 Bxg5 20. Qxg5 f6 21.
Qh5 b6 22. Ne4 Ne5 23. Rc3 b5 24. b4 Nc4 25. Rd1 Be8 26. Qe2 Qe5 27. f4 Qc7 28.
Nd6 Rd8 29. Qxe6+ Bf7 30. Qe2 Nxd6 31. Qc2 Nc4 32. a4 Rxd1+ 33. Qxd1 Re8 34.
Bd5 Qe7 35. Bxf7+ Kxf7 36. Qd5+ Qe6 37. Rd3 Qxd5 38. Rxd5 Ke6 39. Rd1 bxa4 40.
Rd4 Nb2 41. Rd6+ Ke7 42. Rxa6 Rb8 43. Ra7+ Ke6 44. c6 Rxb4 45. Rd7 Rc4 46. f5+
Kxf5 47. c7 a3 0-1

[Event "SR 3. liga A2 2013/2014"]
[Site "?"]
[Date "2014.03.02"]
[Round "10.4"]
[White "Curidlo, Jan"]
[Black "Cebo, Vladimir"]
[Result "1-0"]
[WhiteElo "1852"]
[BlackElo "1642"]
[PlyCount "91"]
[EventDate "2013.??.??"]

1. e4 c6 2. d4 d5 3. Nd2 dxe4 4. Nxe4 Nd7 5. Nf3 Ngf6 6. Ng3 e6 7. Bd3 Bd6 8.
c4 O-O 9. O-O b6 10. Re1 Qc7 11. a3 Bb7 12. Be3 Rad8 13. Rc1 Qb8 14. Qc2 c5 15.
Ng5 g6 16. N5e4 cxd4 17. Nxf6+ Nxf6 18. Bg5 Be7 19. Qd2 Qc7 20. b4 Rfe8 21. Re2
Qc6 22. f3 Qc7 23. Rce1 Nd7 24. Bxe7 Rxe7 25. Qg5 f6 26. Qh4 e5 27. f4 Rde8 28.
Qg4 Kf7 29. f5 Nf8 30. h4 Qd6 31. fxg6+ hxg6 32. h5 Bc8 33. hxg6+ Kg8 34. Bf5
Qc7 35. Ne4 Qc6 36. Rf1 Rg7 37. Bxc8 Rxg6 38. Qf5 Rxc8 39. Nxf6+ Kg7 40. Nh5+
Kh6 41. Qh3 Kh7 42. Rxe5 Rh6 43. Qf5+ Rg6 44. Nf4 Rd8 45. Re7+ Kh8 46. Nxg6+
1-0

[Event "SR 3. liga A2 2013/2014"]
[Site "?"]
[Date "2014.03.02"]
[Round "10.5"]
[White "Cibulka, Vladimir"]
[Black "Sebesta, Radovan"]
[Result "1/2-1/2"]
[WhiteElo "2238"]
[BlackElo "2035"]
[PlyCount "51"]
[EventDate "2013.??.??"]

1. d4 Nf6 2. Nf3 e6 3. Bg5 Be7 4. Nbd2 d5 5. e3 O-O 6. Bd3 Nbd7 7. O-O h6 8.
Bh4 Re8 9. Ne5 Nxe5 10. dxe5 Nh7 11. Bxe7 Qxe7 12. f4 Bd7 13. Qe2 c5 14. c3
Rad8 15. Rf3 Bc6 16. Rh3 d4 17. exd4 cxd4 18. Ne4 dxc3 19. bxc3 Bxe4 20. Bxe4
Nf8 21. Qg4 Rd2 22. Kh1 Red8 23. Rg3 Ng6 24. Bxg6 fxg6 25. h3 Qf7 26. Qxg6
1/2-1/2

[Event "SR 3. liga A2 2013/2014"]
[Site "?"]
[Date "2014.03.02"]
[Round "10.5"]
[White "Gasa, Patrik"]
[Black "Ivan, Imrich"]
[Result "1-0"]
[WhiteElo "1956"]
[BlackElo "2071"]
[PlyCount "70"]
[EventDate "2013.??.??"]

1. c4 b6 2. Nc3 e5 3. Nf3 Nc6 4. g3 Bb7 5. Bg2 Rb8 6. a3 a5 7. O-O Nf6 8. e3
Ba6 9. Qa4 Be7 10. Re1 h6 11. d4 Bd6 12. Nb5 O-O 13. b4 axb4 14. dxe5 Bxb5 15.
Qxb5 Nxe5 16. Nxe5 c6 17. Nxc6 dxc6 18. Bxc6 Qe7 19. axb4 Bxb4 20. Rd1 Bc5 21.
Bb2 Ng4 22. Bd4 Qg5 23. Bg2 h5 24. Qc6 Bxd4 25. exd4 Rfe8 26. Qd5 Qf6 27. Qf3
Qd6 28. Ra7 Nf6 29. Qc6 Qb4 30. Qc7 Rf8 31. c5 Qb3 32. Rc1 Rfc8 33. cxb6 Qe6
34. Qxc8+ Rxc8 35. Rxc8+ Qxc8 1-0

[Event "SR 3. liga A2 2013/2014"]
[Site "?"]
[Date "2014.03.02"]
[Round "10.5"]
[White "Vegh, Vince"]
[Black "Palka, Martin"]
[Result "0-1"]
[WhiteElo "1938"]
[BlackElo "1881"]
[PlyCount "80"]
[EventDate "2013.??.??"]

1. e4 c5 2. Nf3 e6 3. d4 cxd4 4. Nxd4 a6 5. c4 Qc7 6. Nc3 b6 7. Be3 Bb7 8. a3
Nc6 9. Rc1 Nxd4 10. Bxd4 Nf6 11. Bxf6 gxf6 12. Qd4 Qf4 13. Rd1 Bc5 14. Qxd7+
Kf8 15. Qd2 Qe5 16. f4 Qc7 17. b4 Be7 18. Qd7 Qb8 19. Bd3 Ra7 20. Qd4 Bc6 21.
O-O a5 22. Rb1 axb4 23. axb4 Rd7 24. Qe3 Rg8 25. Kh1 f5 26. Ne2 Rxd3 27. Qxd3
Bxe4 28. Qh3 Bxg2+ 29. Qxg2 Rxg2 30. Kxg2 Qb7+ 31. Rf3 Qe4 32. Nc3 Qxc4 33. b5
h5 34. Ra1 h4 35. Ra4 Qc7 36. Rd4 Qa7 37. Rfd3 Qa1 38. Na4 Bf6 39. Rb4 Qe1 40.
Rbb3 Qe4+ 0-1

[Event "SR 3. liga A2 2013/2014"]
[Site "?"]
[Date "2014.03.02"]
[Round "10.5"]
[White "Palka, Miroslav"]
[Black "Csefalvay, Stefan"]
[Result "1/2-1/2"]
[WhiteElo "1924"]
[BlackElo "1852"]
[PlyCount "60"]
[EventDate "2013.??.??"]

1. c4 Nf6 2. Nc3 e6 3. e4 d5 4. e5 d4 5. exf6 dxc3 6. bxc3 Qxf6 7. Nf3 e5 8.
Be2 c5 9. O-O Nc6 10. d3 h6 11. h3 Be7 12. Nh2 O-O 13. Rb1 Rd8 14. Bf3 Qd6 15.
Be4 b6 16. Qf3 Bd7 17. Ng4 Rac8 18. Ne3 Bg5 19. Nf5 Qf6 20. Bxg5 hxg5 21. Rbd1
Bxf5 22. Bxf5 Rc7 23. Rfe1 g6 24. Be4 Qxf3 25. Bxf3 f6 26. Bxc6 Rxc6 27. f3
Rcd6 28. Re3 Kf7 29. Kf1 R8d7 30. Ke2 Re6 1/2-1/2

[Event "SR 3. liga A2 2013/2014"]
[Site "?"]
[Date "2014.03.02"]
[Round "10.5"]
[White "Vizvari, Ludovit"]
[Black "Skapikova, Lubica"]
[Result "1-0"]
[WhiteElo "1996"]
[BlackElo "1893"]
[PlyCount "105"]
[EventDate "2013.??.??"]

1. d4 f5 2. c4 Nf6 3. g3 g6 4. Bg2 Bg7 5. Nc3 O-O 6. Nf3 d6 7. O-O Nbd7 8. Re1
e5 9. e4 fxe4 10. Nxe4 Nxe4 11. Rxe4 Nf6 12. Bg5 exd4 13. Nxd4 Re8 14. Rxe8+
Qxe8 15. Qd2 c6 16. Re1 Qf7 17. Qf4 Ne8 18. Qxf7+ Kxf7 19. Rd1 Be5 20. b3 Ng7
21. Nf3 Bg4 22. Nxe5+ dxe5 23. f3 Be6 24. Re1 Nf5 25. Rxe5 h6 26. Bc1 Rd8 27.
Kf2 Rd1 28. Re1 Rxe1 29. Kxe1 h5 30. Kd2 Ke7 31. Kd3 Kd6 32. Bf4+ Ke7 33. Bb8
a6 34. c5 Bd5 35. Be5 Ke6 36. Bc3 Ke7 37. Ke2 Nh6 38. Kf2 Nf7 39. Bf1 Ng5 40.
Be2 Ne6 41. Ke3 Nxc5 42. Bb4 b6 43. Bxa6 Ke6 44. Bxc5 bxc5 45. Bc4 Ke5 46. h4
Ke6 47. a4 Ke5 48. a5 Kd6 49. g4 hxg4 50. fxg4 Bg2 51. Kf4 Bh1 52. h5 gxh5 53.
gxh5 1-0

[Event "SR 3. liga A2 2013/2014"]
[Site "?"]
[Date "2014.03.02"]
[Round "10.5"]
[White "Havlicek, Peter"]
[Black "Szabo, Julius"]
[Result "0-1"]
[WhiteElo "1851"]
[BlackElo "1688"]
[PlyCount "74"]
[EventDate "2013.??.??"]

1. e4 e5 2. Nf3 Nc6 3. Bc4 Bc5 4. O-O Nf6 5. d3 h6 6. c3 O-O 7. b4 Bb6 8. a4 a6
9. Qe2 d6 10. h3 Ne7 11. Be3 Bxe3 12. fxe3 Ng6 13. Nbd2 Qe7 14. g4 Be6 15. Qh2
Qd7 16. Rf2 Bxg4 17. Rg2 Be6 18. Kh1 Bxc4 19. Nxc4 b5 20. axb5 axb5 21. Na5 d5
22. Nxe5 Nxe5 23. Qxe5 Qxh3+ 24. Qh2 Qxh2+ 25. Kxh2 dxe4 26. Rf1 Nd5 27. Rfg1
g5 28. dxe4 Nxe3 29. Rd2 Rad8 30. Rd4 Rfe8 31. Rxd8 Rxd8 32. Nc6 Rd2+ 33. Kg3
Rd3 34. Kf2 Rxc3 35. Nd4 c6 36. Nxc6 Rxc6 37. Kxe3 Rc3+ 0-1

[Event "SR 3. liga A2 2013/2014"]
[Site "?"]
[Date "2014.03.02"]
[Round "10.5"]
[White "Magyarics, Jozef"]
[Black "Fidericky, Milan"]
[Result "1/2-1/2"]
[WhiteElo "1662"]
[BlackElo "1816"]
[PlyCount "72"]
[EventDate "2013.??.??"]

1. e4 e5 2. Nf3 Nf6 3. Nc3 Nc6 4. Bc4 Bc5 5. O-O O-O 6. d3 h6 7. Be3 d6 8. a3
Bg4 9. Nd5 Nd4 10. Bxd4 Bxd4 11. c3 Bb6 12. Nxb6 axb6 13. h3 Bh5 14. Qe2 c6 15.
Rad1 Re8 16. Bb3 Qc7 17. g4 Bg6 18. Nh4 Kh7 19. Qd2 Rad8 20. f4 exf4 21. Qxf4
Re7 22. Nf3 Rde8 23. g5 Nh5 24. Qh4 d5 25. e5 Re6 26. d4 f6 27. gxf6 gxf6 28.
exf6 Re2 29. Rf2 R2e4 30. Qxe4 Bxe4 31. Ne5 Rg8+ 32. Kf1 Rf8 33. f7 Qe7 34.
Rdd2 Ng3+ 35. Ke1 Bg6 36. Rg2 Ne4 1/2-1/2

[Event "SR 3. liga A2 2013/2014"]
[Site "?"]
[Date "2014.03.02"]
[Round "10.5"]
[White "Kubik, Peter"]
[Black "Sarkozi, Szabolcs"]
[Result "1-0"]
[WhiteElo "1771"]
[BlackElo "1010"]
[PlyCount "51"]
[EventDate "2013.??.??"]

1. e4 e5 2. Nf3 d6 3. d4 exd4 4. Nxd4 c6 5. Nc3 g6 6. Bc4 c5 7. Nf3 Bg4 8.
Bxf7+ Kxf7 9. Ne5+ Ke8 10. Nxg4 Bg7 11. Nd5 h5 12. Nge3 Bh6 13. O-O Nf6 14.
Nxf6+ Qxf6 15. Nd5 Qg7 16. Bxh6 Rxh6 17. f4 Kd7 18. c3 Nc6 19. Qb3 b6 20. Qa4
Rhh8 21. b4 Rhb8 22. bxc5 dxc5 23. Rad1 b5 24. Qa3 b4 25. Nxb4+ Kc8 26. Nxc6
1-0